| 000 | 00538nam a2200145Ia 4500 | ||
|---|---|---|---|
| 008 | 170221s9999 xx 000 0 und d | ||
| 100 | _aChong Hui Liy | ||
| 245 | _aCauses of Fall Hazards in Construction Site Management | ||
| 245 | _cChong Hui Liy, Siti Halipah Ibrahim, Rohaida Affandi, Nor Azalina Rosli, Mohd Nasrun Mohd Nawi | ||
| 260 | _bInternational Review of Management and Marketing | ||
| 260 | _cNovember 2015 | ||
| 300 | _a4:4 | ||
| 650 | _xMarketing. | ||
| 856 | _uhttp://www.econjournals.com/index.php/irmm/issue/view/97 | ||
| 999 |
_c310041 _d310041 |
||